| 000 | 02097cam a2200469Ia 4500 | ||
|---|---|---|---|
| 999 |
_c7466 _d7466 |
||
| 001 | 61465348 | ||
| 003 | OCoLC | ||
| 005 | 20190212105702.0 | ||
| 008 | 050909r20051985mau 000 0 eng d | ||
| 020 | _a1565639804 (4 vol. set) | ||
| 020 | _a9781565639805 (4 vol. set) | ||
| 020 | _a1565639839 (O.T. : vol. 13) | ||
| 020 | _a9781565639836 (O.T. : vol. 13) | ||
| 020 | _a1565639790 (N.T. : vol. 4) | ||
| 020 | _a9781565639799 (N.T. : vol. 4) | ||
| 035 | _a(OCoLC)61465348 | ||
| 040 |
_aCBC _cCBC _dBAKER _dYDXCP _dDAY |
||
| 041 | 0 | _aenggrcheb | |
| 050 | 4 |
_aBS3.5 _b2005 |
|
| 082 |
_aREF 220.44 _bG820I |
||
| 090 |
_aBS1 _b2005 |
||
| 130 | 0 |
_aBible. _lPolyglot. _f2005 |
|
| 245 | 1 | 4 |
_aThe interlinear Hebrew-Greek-English Bible / _cJay P. Green, general editor and translator |
| 246 | 1 | 4 | _aInterlinear Bible |
| 246 | 1 | 8 |
_aInterlinear Bible, Hebrew-English : _bcoded with Strong's concordance numbers |
| 246 | 1 | 8 |
_aInterlinear Bible, Greek-English : _bcoded with Strong's concordance numbers |
| 250 | _aReprint ed. [of] 2nd ed | ||
| 260 |
_aPeabody, Mass. : _bHendrickson Publishers, _c2005 |
||
| 300 |
_a4 v. ; _c24 cm |
||
| 500 | _a"With Strong's concordance numbers above each word." | ||
| 500 | _aOriginally published in 1985 | ||
| 500 | _a"The English translation in the side column, A literal translation of the Bible, by Jay Green."--T.p. verso | ||
| 500 | _a"The volumes that make up this set are an exact reprint of the second edition ... no editorial changes ... have been made."--Publisher's preface, reprint edition, p. [v] | ||
| 500 | _aVol. 1-3 have distinctive title: Interlinear Hebrew-Aramaic Old Testament, and vol. 4 has distinctive title: Interlinear Greek-English New Testament | ||
| 505 | 0 | _av. 1. Genesis-Ruth -- v. 2. I Samuel-Psalm 55 -- v. 3. Psalm 56-Malachi -- v. 4. New Testament | |
| 630 | 0 | 0 |
_aBible _vInterlinear translations, English |
| 700 | 1 | _aGreen, Jay P | |
| 730 | 0 | 2 |
_aBible. _lEnglish. _sGreen. _f2005 |
| 740 | 0 | 2 | _aInterlinear Hebrew-Aramaic Old Testament |
| 740 | 0 | 2 | _aInterlinear Greek-English New Testament |
| 942 |
_2ddc _cREF |
||